Quiz Grey's Anatomy (attention au spoil !) - Statistiques

Statistiques générales
  • Ce quiz a été pris 741 fois
  • Le résultat moyen est 5 sur 15
Statistiques - réponses
Hint Réponse % Correct
Combien d'enfant a Meredith 3
84%
Nom complet de Callie Calliope Iphigenia Torres
78%
Qui a laisser Christina devant l'autel le jour de leur mariage Preston Burke
74%
De quelle maladie Elise Grey était-elle atteinte Alzheimer
72%
Qui Izzie voie-elle lorsqu'elle meurt George
58%
Avec qui Teddy couche-t-elle la veille de son mariage avec Owen Tom Koracick
47%
Quelle est la chanson le plus jouée de la série Chasing cars
27%
Quelle est le nom de la première copine de Callie Erica Hahn
25%
Quelle est la première relation amoureuse de Meredith après Derek Nathan Riggs
22%
Avec qui Meredith a-t-elle fait le tour de l'Europe Saddie
18%
Qui est le/la premier(ère) à mourir lors de la fusillade Reed Adam
17%
Quel nom porte l'épisode de la bombe La brume rose
8%
Avec qui Arizona trompe-t-elle Callie Lauren Boswell
3%
Que donne Meredith à son père un bout de son foie
3%
Dans quelle partie du corps Tom Koracick a-t-il reçut une décharge électrique l'entre jambe
0%
Aucun quiz correspondant
Distribution des résultats
% des personnes avec chaque résultat
Percentile par nombre de réponses
Votre historique - résultats
Vous n’avez pas pris ce quiz